[Event "Gothenburg Manhem-B"]
[Site "Gothenburg"]
[Date "2010.08.12"]
[Round "3"]
[White "Berggren Torell, Harald"]
[Black "Persson, Borje"]
[Result "1/2-1/2"]
[WhiteElo "1927"]
[BlackElo "1969"]
[PlyCount "41"]
[EventDate "2010.08.10"]
[EventType "tourn"]
[EventRounds "9"]
[EventCountry "SWE"]
[SourceTitle "CBM 137 Extra"]
[Source "ChessBase"]
[SourceDate "2010.09.01"]
[SourceVersion "1"]
[SourceVersionDate "2010.09.01"]
[SourceQuality "1"]

1. f4 e5 2. fxe5 d6 3. exd6 Bxd6 4. Nf3 g5 5. d4 g4 6. Ne5 Bxe5 7. dxe5 Qxd1+ 8. Kxd1 Nc6 9. Nc3 Be6 10. Bf4 0-0-0+ 11. Ke1 Nge7 12. e3 Ng6 13. Bg5 Rde8 14. Bf6 Rhg8 15. Be2 Ngxe5 16. b3 Rg6 17. Bh4 a6 18. Rd1 Bf5 19. e4 Bd7 20. Rf1 Be6 21. a3 1/2-1/2